| 000 | 00700cam a2200217 i 4500 | ||
|---|---|---|---|
| 001 | 2278590 | ||
| 005 | 20250317072636.0 | ||
| 008 | 810409s1978 ii b 010 0 eng | ||
| 040 |
_aDLC _cDLC _dDLC |
||
| 082 | 0 | 0 |
_a301 _21272 _bMAD |
| 100 | 1 | _aMadan, T. N. | |
| 245 | 1 | 0 |
_aDialectic of Tradition and Modernity in the Sociology of D.P. Mukerji: _bA Memorial Lecture Delivered on 25th February 1977 at the University of Lucknow |
| 260 |
_aNew Delhi, _bManohar Publications for the University of Lucknow, _c1978. |
||
| 300 | _a32 p., | ||
| 490 | 0 | _aD.P. Mukerji memorial lecture series ; | |
| 650 | 0 | _aSociology | |
| 650 | 0 | _aTradition | |
| 650 | 0 | _aModernity | |
| 650 | 0 | _aEconomics | |
| 942 | _cL | ||
| 999 |
_c5994 _d5994 |
||